Real Madrid Squad 2015 - Statistics

General Stats
  • This quiz has been taken 253 times
  • The average score is 17 of 23
Answer Stats
Position Country Answer % Correct
FW Portgual Cristiano Ronaldo
95%
FW Wales Gareth Bale
95%
GK Spain Iker Casillas
95%
GK Costa Rica Keylor Navas
94%
FW France Karim Benzema
93%
MF Germany Toni Kroos
93%
MF Croatia Luka Modric
92%
DF Spain Sergio Ramos
92%
DF Portugal Pepe
90%
MF Colombia James Rodriguez
89%
DF Brazil Marcelo
88%
DF France Raphael Varane
86%
FW Mexico Javier Hernandez
81%
MF Spain Isco
74%
DF Spain Dani Carvajal
73%
MF Germany Sami Khedira
73%
DF Portugal Fabio Coentrao
69%
DF Spain Nacho Fernandez
69%
DF Spain Alvaro Arbeloa
49%
MF Spain Jese Rodriguez
29%
MF Spain Asier Illarramendi
27%
MF Brazil Lucas Silva
18%
GK Spain Fernando Pacheco
15%
No matching quizzes found
Score Distribution
Percent of People with Each Score
Percentile by Number Answered
Your Score History
You have not taken this quiz